Brother Cadfael series Quiz Stats

 Plays Quiz not verified by Sporcle

Score 0/20 Timer 04:00
0 Plays Today
Year Title % Correct
1977A Morbid Taste for Bones
88.1%
1982The Virgin in the Ice
88.1%
1979One Corpse Too Many
84.7%
1981The Leper of Saint Giles
72.9%
1981Saint Peter's Fair
71.2%
1986The Rose Rent
71.2%
1980Monk's Hood
69.5%
1983The Sanctuary Sparrow
67.8%
1994Brother Cadfael's Penance
66.1%
1986The Raven in the Foregate
59.3%
Year Title % Correct
1983The Devil's Novice
54.2%
1990The Potter's Field
52.5%
1992The Holy Thief
50.8%
1991The Summer of the Danes
47.5%
1984The Pilgrim of Hate
45.8%
1990The Heretic's Apprentice
40.7%
1988The Confession of Brother Haluin
37.3%
1984Dead Man's Ransom
35.6%
1985An Excellent Mystery
35.6%
1988The Hermit of Eyton Forest
30.5%

You're not logged in!

Compare scores with friends on all Sporcle quizzes.
OR
Log In

Show Comments

Extras

Created Oct 30, 2010SourceReportNominate
Tags:Book Quiz, brother

Top Quizzes Today


Score Distribution

Your Account Isn't Verified!

In order to create a playlist on Sporcle, you need to verify the email address you used during registration. Go to your Sporcle Settings to finish the process.

Report this User

Report this user for behavior that violates our Community Guidelines.

Details: